De confesiones y cosas peores = Miffo /
Enregistré dans:
| Auteur principal: | |
|---|---|
| Autres auteurs: | , , , , , , |
| Format: | |
| Langue: | suédois |
| Publié: |
Suecia :
Hägring AB,
2003
|
| Sujets: | |
| Tags: |
Pas de tags, Soyez le premier à ajouter un tag!
|
MARC
| LEADER | 00000ngm^a2200000^a^4500 | ||
|---|---|---|---|
| 001 | 000186969 | ||
| 005 | 20250521000000.0 | ||
| 009 | 20260310102244.049 | ||
| 037 | |a Acervo ITESO - Biblioteca | ||
| 041 | |a SUE | ||
| 082 | |a 839. 7 |b LIN | ||
| 100 | |a Lind Lagerlöf, Daniel |e (realización) | ||
| 245 | 1 | 0 | |a De confesiones y cosas peores = |b Miffo / |c Realización de D. Lind Lagerlöf. |
| 264 | 1 | |a Suecia : |b Hägring AB, |c 2003 | |
| 264 | 2 | |a México : |b Zima Entertainment [distribución], |c copyright fecha no identificada | |
| 300 | |a 1 DVD regiones 1 y 4 |c (93 min.) | ||
| 336 | |a imagen móvil bidimensional |b tdi |2 rdacontenido | ||
| 337 | |a video |b v |2 rdamedio | ||
| 338 | |a videodisco |b vd |2 rdasoporte | ||
| 546 | |a En sueco, con subtítulos opcionales: español | ||
| 649 | |a XX | ||
| 650 | |a Comedias Románticas | ||
| 650 | |a Comedias Cinematográficas | ||
| 650 | |a Cine Sueco - |y 2000-2009 | ||
| 650 | |a Cine Sueco - |y Siglo XXI | ||
| 700 | |a Lind Lagerlöf, Maria |e (guión) | ||
| 700 | |a Johnson, Olof |e (fotógrafo) | ||
| 700 | |a Nylander, Anders |e (montaje) | ||
| 700 | |a Bothén, Paul |e (música) | ||
| 700 | |a Karlsson, Jonas |e (actuación) | ||
| 700 | |a Millhagen, Livia |e (actuación) | ||
| 700 | |a Hirdwall, Ingvar |e (actuación) | ||
| 910 | |a Fondo General | ||
| 920 | |a Audiovisuales - DVDs | ||
| 940 | |a Películas | ||
| 905 | |a 302 | ||
| 901 | |a 0500088736 |b IT2 |c DVS |u 20250521 | ||
| 902 | |a https://opac.biblio.iteso.mx/vufind/Record/000186969 | ||